LEADER 01659nam a2200289 a 4500 001 000000126258 003 CaOOAMICUS 005 20110908151257.0 008 110908s2011 it e 000 0 ita r 040 $aPUL$bita 082 04$a853 100 1 $aCappelli, Gaetano.$0(OLS)http://pul/name/80301 245 12$aL'ombra del falco obeso e la Corvette di Springsteen ovvero Il potere delle maledizioni sul destino degli uomini con una stima molto ma molto approssimativa del loro tempo di realizzazione /$cGaetano Cappelli. 246 03$aPotere delle maledizioni sul destino degli uomini con una stima molto ma molto approssimativa del loro tempo di realizzazione 260 $aMilano :$bR.C.S. Quotidiani,$c©2011. 300 $a90 p. ;$c18 cm 490 1 $aInediti d'autore ;$v15 500 $aEd. speciale per Corriere della Sera. 830 0$aInediti d'autore ;$v15.$0(OLS)http://pul/title/159119 850 $aPUL 852 $aPUL$W1$xDP2 Cons. Gen., Altre Classi 3$y97$m853 COLL 2.15$j145624$qDDC 21$B144484$CPULBib$Z2$F144484 $H117912 $82 941 1 $a9 996 $6082$a853$9(OLS)http://pul/classification/1915 996 $6245$aL'ombra del falco obeso e la Corvette di Springsteen ovvero Il potere delle maledizioni sul destino degli uomini con una stima molto ma molto approssimativa del loro tempo di realizzazione$9(OLS)http://pul/title/159431 996 $6246$aPotere delle maledizioni sul destino degli uomini con una stima molto ma molto approssimativa del loro tempo di realizzazione$9(OLS)http://pul/title/159432 996 $6260$aMilano :$bR.C.S. Quotidiani$9(OLS)http://pul/publisher/79195 LEADER 01230nam a2200289 a 4500 001 000000170522 003 CaOOAMICUS 005 20181116101039.0 008 181116s2010 vc u000 u ita r 020 $z978-88-209-8457-1* 032 $aLibriCat 040 $aPUL$bita 082 04$a268 100 1 $aMartinelli, Raffaello,$csac.$0(OLS)http://pul/name/18316 245 10$a50+3 argomenti di attualitą : $bframmenti di veritą cattolica: catechesi dialogica /$cRaffaello Martinelli. 250 $a5. ed. 260 $aCittą del Vaticano :$bLibreria editrice vaticana,$c2010. 300 $a819 p. ;$c17 cm. 650 4$aCatechesi.$0(OLS)http://pul/subject/4492 850 $aPUL 852 $aPUL$W1$xSL Religione 3$y85$m268 MARRA 1$j193344$qDDC 21$B198852$CPULBib$Z2$F198852 $H131605 $81 941 1 $a9 996 $6020$z978-88-209-8457-1*$9(OLS)http://pul/number/165289 996 $6082$a268$9(OLS)http://pul/classification/662 996 $6245$a50+3 argomenti di attualitą : $bframmenti di veritą cattolica: catechesi dialogica$9(OLS)http://pul/title/211303 996 $6260$aCittą del Vaticano :$bLibreria editrice vaticana$9(OLS)http://pul/publisher/47920